000 00673nam a2200253Ia 4500
003 OSt
005 20221005060610.0
006 a|||||r|||| 00| 0
007 ta
008 221004b |||||||| |||| 00| 0 eng d
020 _a0700715215
024 _a72926
037 _cTextual
040 _aCRL
_cCRL
_beng
041 _2eng
_aeng
082 _aQ20t6.44Q72, P2
100 _aZene Cosimo
245 0 _aRishi of Bangladesh
_b A history of Christian dialogues
260 _aLondon
_bRoutledge Curzon UK
_c2002
300 _a489p
_ccm.
650 _aRELIGION
942 _hQ20t6.44Q72, P2
_cTEXL
_2cc
999 _c966950
_d966950